L'Heure de musique : Livre IV
Guardado en:
| Autor principal: | |
|---|---|
| Formato: | Libro |
| Lenguaje: | francés |
| Publicado: |
:
Van de Velde,
1989 imprimé
|
| Catálogo: | MANES: Resultados de Búsqueda del Catálogo |
| Clasificación de libros de texto: |
|
| Etiquetas: |
Agregar Etiqueta
Sin Etiquetas, Sea el primero en etiquetar este registro!
|
| Añadido a: | 1993-07-14 |
| Cambiado en: | 2025-05-07 |
MARC
| LEADER | 00000nam a2200000 a 4500 | ||
|---|---|---|---|
| 001 | .b1630023 | ||
| 003 | ES-BaCBU | ||
| 005 | 20250507130121.0 | ||
| 008 | 930715s1989 fr ag || 001 ||fre|c | ||
| 020 | |a 2858680043 | ||
| 035 | |a 0263-88660 |9 ES-BaUB035 | ||
| 040 | |a ES-BaUB |b cat |c ES-BaUB | ||
| 100 | 1 | |a Corneloup, Marcel |9 31759 | |
| 245 | 1 | 2 | |a L'Heure de musique : |b Livre IV |
| 260 | |a : |b Van de Velde, |c 1989 imprimé | ||
| 300 | |a 2 v. (160, 32 p.): |b il., música | ||
| 500 | |a Amb música pautada | ||
| 505 | 8 | |a Conté: Livre de l'éleve ; Livre du maître | |
| 546 | |a España | ||
| 561 | |5 es-CRAI |3 p2 78(071) COR |a España. Biblioteca Universitat de Barcelona |k MANES | ||
| 690 | 0 | |a EA | |
| 691 | 0 | |a PRI | |
| 856 | |y Registro en Cercabib - CRAI | ||
| 942 | |2 ddc |c BK | ||
| 999 | |c 89179 |d 89179 | ||
| 999 | |c manes:89179 |d 89179 | ||